00961nam a2200253 i 450000100060000000300090000600500170001500700030003200800410003502000180007604000220009408000280011608000120014410000350015624501090019126000520030030000400035260000670039270000370045970000390049685200330053599900170056895201220058547732ES-MaACL20251120165142.0t|011203s2001 sp ||||0| spa j a84-7671-643-5 aM-BN bspa cM-BN a929 Godoy, Manuel (0:7) a7.041.51 aRose-de Viejo, Isadora.99967813aLa imagen de Manuel Godoy / cIsadora Rose-de Viejo, Emilio La Parra López, Enrique Giménez López. a[Mérida] : bConsejería de Cultura, c2001. a193 p. : bil. col. y n. ; c28 cm.04aGodoy, Manuel de, cPríncipe de la Paz-xIconografia9575391 aLa Parra López, Emilio.9691731 aGiménez López, Enrique.957052 aES-MaACLjL-26330 bR.131201 c47732d47732 00104070aATENEOMbATENEOMcDEPO2d2008-01-17eSCl0oL-26330p1050225r2023-02-23 00:00:00w2023-02-23yMONOGRAFIA